Cálculo en variedades

Uloženo v:
Podrobná bibliografie
Hlavní autor: Spivak, Michael
Médium: Kniha
Jazyk:Spanish
Vydáno: Barcelona : Reverté, c1975.
Témata:
Tagy: Přidat tag
Žádné tagy, Buďte první, kdo vytvoří štítek k tomuto záznamu!

MARC

LEADER 00000nam a2200000Ia 4500
003 002140
005 20221231143953.0
008 140114s1975 sp a 000 ||spa d
040 |c cru CEDI 
082 |a  517.34 S761c 
100 |a Spivak, Michael  |9 21318 
245 |a Cálculo en variedades  
260 |a Barcelona : Reverté,  |c  c1975. 
300 |a  xii, 134 páginas : ilustraciones  |b Fotocopia 
500 |a  Título original: Calculus on manifolds 
650 |x CALCULO   |x TOPOLOGIA DIFERENCIAL  |9 21319 
942 |2 ddc  |c BK 
999 |c 14970  |d 14970